| 000 | 00439cam a2200169ua 4500 | ||
|---|---|---|---|
| 041 |
_aeng _h |
||
| 082 |
_a371.37 _bAUE/HA |
||
| 100 | _aAuer, J.Jeffery . | ||
| 245 |
_aHand book for discussion leaders / _cJ.Jeffery Auer. _hTextual Documents |
||
| 250 |
_a1 / _b. |
||
| 260 |
_a : _bHaeper and Brothers Publishers , _c1954. |
||
| 300 | _a153 ; . | ||
| 504 | _a | ||
| 700 | 1 | _aEwbank, Henry lee . | |
| 942 | _cBK | ||
| 999 |
_c2170 _d2170 |
||